Mai un passo amico /

में बचाया:
ग्रंथसूची विवरण
मुख्य लेखक: White, Patrick, (1912-1990) (लेखक)
अन्य लेखक: Cremonese, Emma (अनुवादक)
स्वरूप: पुस्तक
भाषा:इतालवी
प्रकाशित: Milano : Club degli editori, ©1974
श्रृंखला:Un libro al mese. P ; 3
टैग: टैग जोड़ें
कोई टैग नहीं, इस रिकॉर्ड को टैग करने वाले पहले व्यक्ति बनें!

MARC

LEADER 00000nam a22000007i 4500
001 IT\ICCU\LO1\0052945
003 ItRI
005 20260115232332.0
008 910726s1974 it |||||| |||||1|||||c
015 |2 IT  |a 7410075 
040 |b ita  |c importazione bologna sebina 
041 7 |a ita  |2 ISO-639-2 
082 |a 823.91  |2 18 
082 |a 823.914  |9 NARRATIVA INGLESE, 1945-1999  |2 21 
100 1 |a White, Patrick,  |d  (1912-1990)  |0 IT\ICCU\RAVV\009428  |4 aut 
240 1 4 |a The aunts story. -  |3 IT\ICCU\RAV\0108574  |9 White, Patrick <1912-1990> 
245 1 0 |a Mai un passo amico /  |c Patrick White. 
260 |a Milano :  |b Club degli editori,  |c ©1974 
300 |a 357 p. ;  |c 21 cm 
500 |a  Trad. di Emma Cremonese 
500 |a Premio Nobel 1973 (in copertina)  |0 IT\ICCU\RAVV\009428 
700 1 |a Cremonese, Emma  |0 IT\ICCU\RAVV\042211  |4 trl 
790 1 |a White, Patrick Victor Martindale  |3 IT\ICCU\CFIV\320981  |z White, Patrick (1912-1990) 
830 3 |a Un libro al mese. P ;  |v 3  |0 IT\ICCU\LO1\0054239 
942 |2 ddc  |c BK  |n 0 
952 |0 0  |1 0  |4 0  |6 DOC_813_540000000000000_WHI  |7 0  |9 24387  |a BO  |b BO  |d 2026-01-15  |i 5681  |l 0  |o DOC 813.54 WHI  |p BO5681  |r 2026-01-15 23:23:32  |w 2026-01-15  |x [Sebina 5] [1 v.]  |y BK  |z 1 v. 
999 |c 20759  |d 20759